000 00469nam a2200169 i 4500
001 81247
003 ES-MaACL
005 20230906174411.0
007 t|
008 041103s1972 sp ||||1| spa d
100 1 _aHudson, D. C. N.
_964519
245 1 0 _aTu libro del golf /
_cD.C.N. Hudson ; [traducción Diorki].
260 _aBarcelona :
_bSintes,
_c[1972]
300 _a65 p. :
_bil. ;
_c21 cm.
710 2 _aDiorki.
_93392
852 _aES-MaACL
_jC-52393
_bR.86046
999 _c81247
_d81247